00704nam a2200145Ia 4500008004100000020001500041050002100056100003600077245005900113260006900172300001800241504003700259505024500296650001700541120720s2002 mx 000 0 spa d a9706650989 aHF5651bE83 20021 aEscarpulli Montoya, Abeleautor10aApuntes de contabilidad IIc / Abel Escarpulli Montoya aMéxicob : Instituto Mexicano de Contadores Públicosc, 2002 a169 páginas aIncluye: bibliografía (p. 169) aCaracterísticas generales del ciclo financiero a largo plazo Inversiones tangibles e intangibles Pasivo a largo plazo Activos y pasivos contingentes, y compromisos Créditos diferidos Capital contable Cuentas de orden Estados financieros14aCONTABILIDAD